[Event "BCF-chT2a 1718 (4NCL)"]
[Site "England"]
[Date "2018.02.11"]
[Round "6.47"]
[White "Regan, Natasha"]
[Black "Serbanescu, Diana Maria"]
[Result "0-1"]
[WhiteElo "1987"]
[BlackElo "1990"]
[PlyCount "100"]
[EventDate "2017.11.11"]
[EventType "team-tourn"]
[EventRounds "7"]
[EventCountry "ENG"]
[SourceTitle "EXT 2020"]
[Source "ChessBase"]
[SourceDate "2019.10.17"]
[SourceVersion "1"]
[SourceVersionDate "2019.10.17"]
[SourceQuality "1"]
[WhiteTeam "Barbican Youth"]
[BlackTeam "Wood Green Monarchs"]
[WhiteTeamCountry "ENG"]
[BlackTeamCountry "ENG"]

1. Nf3 d6 2. c4 g6 3. g3 Bg7 4. Bg2 e5 5. Nc3 Nc6 6. h4 Nf6 7. d4 0-0 8. d5 Ne7 9. e4 a6 10. 0-0 Bg4 11. Qd3 Qc8 12. Kh2 Nd7 13. Be3 Bxf3 14. Bxf3 f5 15. Qd2 f4 16. gxf4 exf4 17. Bd4 Bxd4 18. Qxd4 Ne5 19. Kg2 Nxf3 20. Kxf3 Qh3+ 21. Ke2 f3+ 22. Kd3 Qxh4 23. Rh1 Qf6 24. Qe3 Qf4 25. Qd4 Qf6 26. Qe3 Rf7 27. Rag1 Re8 28. Qg5 Qxg5 29. Rxg5 Nc8 30. Rh3 Nb6 31. Nb1 Nd7 32. Nd2 Ref8 33. Ke3 Ne5 34. b3 Kg7 35. Rgg3 Rf4 36. Nxf3 Ng4+ 37. Rxg4 Rxg4 38. Nd4 Rf7 39. Ne6+ Kg8 40. Rf3 Rg1 41. Rxf7 Kxf7 42. Nxc7 h5 43. c5 h4 44. cxd6 h3 45. f4 h2 46. e5 h1Q 47. e6+ Kg7 48. e7 Qh3+ 49. Kd4 Rd1+ 50. Kc5 Qe3+ 0-1